Statystyki dla Manchester United F.C. 2019/2020

Kliknij tutaj aby rozwiązać quiz!

Ogólne statystyki

  • Ten quiz został rozwiązany 728 razy
  • Średni wynik to 17 z 28

Statystyki odpowiedzi

PozycjaImię i Nazwisko% Poprawnych
BramkarzDavid de Gea
100%
NapastnikMarcus Rashford
93%
PomocnikPaul Pogba
90%
NapastnikAnthony Martial
89%
ObrońcaHarry Maguire
84%
BramkarzSergio Romero
84%
ObrońcaLuke Shaw
83%
ObrońcaAaron Wan-Bissaka
79%
ObrońcaVictor Lindelof
77%
PomocnikNemanja Matic
70%
ObrońcaPhil Jones
70%
PomocnikScott McTominay
68%
NapastnikMason Greenwood
67%
PomocnikJesse Lingard
65%
ObrońcaEric Bailly
63%
PomocnikJuan Mata
63%
PomocnikFred
62%
PomocnikDaniel James
56%
ObrońcaAshley Young
53%
ObrońcaDiogo Dalot
50%
BramkarzLee Grant
47%
ObrońcaMarcus Rojo
43%
PomocnikAndreas Pereira
42%
ObrońcaAxel Tuanzebe
38%
NapastnikTahith Chong
38%
PomocnikAngel Gomes
26%
ObrońcaTim Fosu-Mensah
24%
PomocnikJames Garner
19%

Rozkład punktacji

Percentyl według liczby udzielonych odpowiedzi

Procent ludzi z każdym wynikiem

Twoja historia wyników

Nie rozwiązałeś tego quizu